[Event "Tashkent FIDE GP"]
[Site "Tashkent"]
[Date "2014.10.23"]
[Round "3"]
[White "Kasimdzhanov, Rustam"]
[Black "Jobava, Baadur"]
[Result "0-1"]
[WhiteElo "2706"]
[BlackElo "2717"]
[Annotator "Gormally,D"]
[PlyCount "66"]
[EventDate "2014.10.21"]
[EventType "tourn"]
[EventRounds "11"]
[EventCountry "UZB"]
[EventCategory "21"]
[SourceTitle "CBM 163"]
[Source "ChessBase"]
[SourceDate "2014.11.11"]
[SourceVersion "1"]
[SourceVersionDate "2014.11.11"]
[SourceQuality "1"]

1. e4 e6 2. d4 d5 3. Nc3 dxe4 4. Nxe4 Bd7 5. Nf3 Bc6 6. Bd3 Nd7 7. O-O Ngf6 8.
Ng3 g6 {Jobava is one of the most interesting and unique talents in the chess
world today. He is always going his own way in the opening and comes up with a
new take on the Fort Knox opening - an immediate fianchetto on the kingside.
In fact a good friend of mine Keith Arkell plays the Fort Knox a lot - it's
almost as tough as the Berlin Defence to break down. Except in his games Keith
normally spends many hours delicately manouevring the bishop around to the
long diagonal - here Jobava does it instantly!} 9. c4 ({This is not the first
time that Jobava has adopted this approach and in another game his opponent
tried to prevent castling by another method;} 9. b3 $5 Bg7 10. Ba3 Bxf3 11.
Qxf3 c6 12. c4 Qc7 13. Rfe1 O-O-O {Black has been obliged to castle queenside,
which is a minor success for White. On the kingside the Black king is more or
less impregnable in the Fort Knox which is not the case here, as White has the
obvious plan of mounting a pawn assault on the queenside, while I don't think
that without the two bishops it's so easy for Black to counterattack on the
other wing.  However Solak rather drifts through the following moves and
allows Jobava to escape to an ending.} 14. Rad1 (14. Bb2 $1 {with an unclear
game in prospect. White can try to probe at the queenside by means of the
lever a4-a5-a6, for example.} Kb8 15. a4 h5 $1 16. a5 h4 17. Ne2 h3 18. g3 a6
19. b4 {with attacking chances on the queenside for White.}) 14... h5 15. Bc1
$6 Ng4 16. Bc2 Bh6 17. Bxh6 Nxh6 18. d5 exd5 19. cxd5 cxd5 20. Bxg6 fxg6 21.
Rc1 Nc5 22. b4 Rhf8 23. Qe3 Ng4 24. Qxc5 Qxc5 25. Rxc5+ Kb8 {with a fairly
equal ending in Solak,D (2632)-Jobava,B (2713) Tromso 2014.}) 9... Bg7 10. d5
$5 {The only way to really put the question to Black. However this entails a
great deal of risk for both sides - a pawn is a pawn! I wonder if Kasparov was
still playing that Jobava would dare to try this line against him - after all
Gazza used to refute such risky conceptions in his lunchbreak. But are the
present day generation of grandmasters up to the job?} (10. Bf4 O-O 11. Re1
Bxf3 $1 {The main idea of the Fort Knox - White was ready to play Ne5} 12. Qxf3
c6 {and Black has hunkered down for the long run. In fact in general I have a
poor record against the Fort Knox and find it about as easy to break down as
beating Hikaru Nakamura in an 100 game bullet match (or in my case, even
winning one game.) I think that's because there's nothing for White to really
bite on - you have to do all these delicate strategic manouevres to get
anywhere, when I'm a tactical player who needs a clear target.}) 10... exd5 11.
Re1+ Kf8 12. cxd5 {Kasim clearly defines the battlefield - he is confident
that he'll be able to work up some initiative with his lead in development,
before Black is able to unwind and start to get to work with the extra pawn.
But chess like in life, things never turn out like you want them to. In fact
Karpov used to (and still does) use this kind of strategy to win game after
game with Black - win a pawn, play riskily with his king in the centre but win
in the endgame when the opponent's initiative dissipates. It's the classic
chess battle of initiative vs material/structure.} ({Jobava also had to face} 
12. Nd4 {against Karjakin. However he was unable to prove anything either.} Kg8
13. Qc2 ({If I were Black here, I'd be concerned about speculative tries like} 
13. Ndf5 $6 {just to open lines while Black is still lagging in development;}
gxf5 14. Nxf5 {but one possible refutation is} dxc4 (14... h6 15. Ne7+ Kf8 16.
b3 Qxe7 $1 17. Rxe7 Kxe7 {also looks good for Black, who has too much booty
for the queen}) 15. Bxc4 Nb6 16. Bd3 h5 {and there's not enough play for the
piece.}) (13. Nxc6 bxc6 14. Qa4 Nc5 $1) 13... Nf8 14. Nxc6 bxc6 15. Qa4 Qd6 16.
cxd5 cxd5 17. Bf4 Qb6 18. Be3 c5 19. b4 Qxb4 20. Qc6 Re8 21. Qxc5 Qxc5 22. Bxc5
Ne6 {where White also got no advantage in Karjakin,S (2772)-Jobava,B (2706)
Loo 2014} {for example} 23. Bxa7 {is met by} Ra8 24. Be3 Ng4 $1) ({May I
suggest the idea} 12. b3 $5 Kg8 13. Ba3 Bf8 (13... h5 14. Be7 Qc8 15. Nd4 h4
16. Ngf5 $1 gxf5 17. Bxf5 Rh6 18. Rc1 {While probably still unclear, visually
it looks rather scary for Black - all the White forces are operating at full
capacity while half of the Black pieces are out of action on the queenside} Qb8
19. Bh3 Nf8 20. Nf5 Rg6 21. Nxg7 $1 Kxg7 22. Qd4 $40) 14. Bb2 $1 {with some
initiative for White? In general such a position is extremely difficult to
assess.}) 12... Bxd5 13. Qc2 ({What is Black's plan? I think eventually he
will unravel by means of ...Kg8, ...h6, Kh7... and ...Re8 when he will simply
be a pawn up for very little and we can all go home. Chess is all about
putting little obstacles in your opponent's path. To that end I would like to
try} 13. h4 $5 Nc5 14. Bc2 Kg8 (14... h5 15. Bg5 $1) 15. h5 {and it's not so
clear how Black should complete his development.}) 13... c6 ({Black is not
tempted by} 13... Bxf3 14. gxf3 Nd5 {although this was a reasonable
alternative, he perhaps felt that in such a precarious situation giving White
the advantage of the two bishops was too optimistic.}) 14. Ng5 Kg8 15. Bf4 Nf8
$1 16. Rad1 Qa5 17. a3 $6 {Rather slow. It seems to me that this isn't a Kasim
sort of position - he struggles to come up with any ideas of how to crack
Black's carapace. By contrast Tal would have been in his element here,
constantly seeking for ways to stoke the fire of the White initiative.} ({
The more active} 17. N3e4 $1 {was more in the spirit of the position, but
Kasim must have feared leaving the a2-pawn unguarded - after all his opponent
has already displayed a gleeful prospensity for grabbing pawns!} Nxe4 (17...
Qxa2 $6 {is bold, but probably too adventurous;} 18. Nc3 $1 Qa5 19. Re7 h6 $2
20. Nxf7 $1 Bxf7 21. Rxf7 Kxf7 22. Bc4+ {and Black is swept aside.}) 18. Bxe4
$1 {when the natural reply} Rd8 {can be met by the tactical shot} 19. Bc7 $1
Qxc7 20. Bxd5 Bf6 21. Bxf7+ Kg7 22. Ne6+ Nxe6 23. Bxe6 {when a draw seems
highly likely - this would be a logical result of the game.}) 17... Rd8 18. Bd2
Qb6 19. Be3 Qc7 20. h3 $6 {Again quiet moves, when something more weighty was
needed.} ({There was still a chance with} 20. Bd4 $1 h6 21. N5e4 (21. Nh3 Be6
$1 22. Be5 Qb6 23. b4 Bg4 {and White is starting to run out of ideas}) 21...
Bxe4 (21... Nxe4 22. Bxg7 Kxg7 23. Bxe4 Qa5 24. Bxd5 Rxd5 25. Re7 {and White
is probably active enough to secure something from the game}) 22. Bxe4 Nxe4 23.
Bxg7 Rxd1 24. Rxd1 Nxf2 25. Ne4 $1 {Only with this shot is White able to
maintain the balance.} (25. Qxf2 $6 Kxg7 26. Qd4+ f6 27. Re1 Rh7 28. Qxa7 f5
29. Qc5 Kg8 30. Re8 Rf7 {leaves White highly vulnerable to the "Carlsen grind"}
) 25... Ne6 26. Qxf2 Kxg7 27. Qf6+ Kh7 28. Qc3 h5 29. Nf6+ Kh6 30. Ng4+ Kh7 $11
) 20... h6 21. N5e4 Ne6 22. Nxf6+ Bxf6 $17 {Now I really don't see any ideas
for White. Jobava with precise play has beaten off the initiative, and is
slowly unravelling. The rest of the game went downhill quickly for Kasim.} 23.
Be4 Kg7 24. Bxa7 $2 {Kasim desperately decides to restore material equality,
but this just accelerates his demise.} b6 25. Bxd5 Nd4 $1 {Kasim must have
missed this rejoinder when he took on a7. Now the game is over.} 26. Qa4 Rxd5
27. Qa6 Qd7 28. Rxd4 Bxd4 29. Bxb6 c5 30. Ba5 Bxb2 31. Qc4 Bd4 32. Bc3 Ra8 33.
Re3 Rxa3 0-1

[Event "ESP-chT"]
[Site "Lanzarote"]
[Date "2003.05.10"]
[Round "5.1"]
[White "Vallejo Pons, Francisco"]
[Black "Gurevich, Mikhail"]
[Result "0-1"]
[WhiteElo "2645"]
[BlackElo "2635"]
[Annotator "Gurevich,M"]
[PlyCount "64"]
[EventDate "2003.05.06"]
[EventType "team"]
[EventRounds "9"]
[EventCountry "ESP"]
[SourceTitle "CBM 094 Extra"]
[Source "ChessBase"]
[SourceDate "2003.07.09"]
[SourceVersion "2"]
[SourceVersionDate "2003.07.09"]
[SourceQuality "1"]
[WhiteTeam "Tiendas UPI"]
[BlackTeam "La Caja de Canarias"]
[WhiteTeamCountry "ESP"]
[BlackTeamCountry "ESP"]

1. e4 e6 2. d4 d5 3. Nc3 Nf6 4. Bg5 dxe4 5. Nxe4 Nbd7 6. Nxf6+ Nxf6 7. Nf3 h6
8. Bxf6 Qxf6 9. Bb5+ c6 10. Bd3 Bd7 (10... g6 11. O-O Bg7 12. c3 O-O 13. Qb3
Qd8 14. Be4 Qc7 15. Rad1 Rd8 16. Rfe1 Bd7 17. Ne5 Be8 18. f4 Rd6 19. Nc4 Rd7
20. Ne5 Rd6 21. Nc4 Rd7 22. Ne5 {1/2-1/2 Sutovsky,E-Sakaev,K/Halkidiki GRE
2002/The Week in Chess 412 (22)}) (10... Bd6 {-86/282}) 11. O-O Bd6 12. Qe2 (
12. Re1 c5 13. dxc5 Bxc5 14. Be4 Rd8 15. c3 O-O 16. b4 Bb6 17. Qb3 Bc8 18. Rac1
g5 19. Bb1 Rfe8 20. Qc2 Kf8 21. Re2 Rd5 22. c4 Rf5 23. c5 Bc7 24. Nd2 Rd5 25.
Ne4 Qd4 26. a3 {1/2-1/2 De Vreugt,D-Baklan,V/Istanbul TUR 2003/The Week in
Chess (26)}) (12. c3 O-O-O 13. Re1 c5 14. Be4 Kb8 15. Qb3 Bc8 16. a4 Rd7 17. a5
a6 18. Qb6 Qe7 $13 {0-1 Van den Doel,E-Van Wely,L/Amsterdam NED 2001/The Week
in Chess 354 (30)}) 12... c5 $5 {TN} 13. Rad1 (13. Bb5 O-O-O 14. dxc5 Bxc5 15.
Rad1 (15. Qc4 Bxb5 16. Qxc5+ (16. Qxb5 Rd5 17. Qc4 Kb8 $15) 16... Bc6 17. Rad1
(17. Ne5 $2 Rd5 18. Qxa7 Qxe5 19. Qa8+ Qb8 $19) (17. Qxa7 Bxf3 18. gxf3 Qxf3
$15) 17... Qg6 $5 {(/\18...Kb8)}) 15... Bxb5 16. Qxb5 Qf5 $132) 13... O-O-O 14.
dxc5 Bxc5 15. Be4 Kb8 $5 {[/\16...Bc8<=>]} (15... Kb8 {[#]}) 16. Bxb7 $5 Kxb7
17. Rxd7+ Rxd7 18. Qb5+ Kc7 (18... Kc8 19. Qc6+ Kd8 20. Qa8+ Ke7 21. Qxh8 Qxb2
22. Qh7 $36) 19. Qxc5+ Kb8 (19... Kd8 20. Qb5 $40) 20. Ne5 $44 Rc7 (20... Rb7
21. Nc6+ Ka8 22. Na5 Rb6 (22... Rxb2 23. Qc6+ Kb8 24. Qd6+ $11) 23. Nc4 $11)
21. Nc6+ $6 (21. Qd6 $1 Kb7 22. Nd7 $5 {(/\23.b4,24.Nc5|^)} Qxb2 (22... Qg5 23.
Rd1 Rhc8 (23... Rxc2 24. Qb4+ $36) 24. b4 $40) 23. Nc5+ Kc8 24. Qa6+ Kb8 25.
Qd6 Kc8 $11) (21. Qb4+ Ka8 22. Qe4+ Rb7 23. Nc4 {(н/\24.Na5,24.Nd6)} Qd8 $8 $15
) 21... Ka8 22. b4 {[/\23.b5]} Qg5 $1 {[xb5;} (22... Qf5 $6 23. Qd6 Kb7 (23...
Rhc8 24. Ne7 $16) 24. Na5+ Kc8 25. c4 $40) 23. Qc4 (23. Qd6 Rhc8) 23... Qd5 $1
$17 24. Qxd5 exd5 25. b5 Re8 26. Rd1 a6 $1 (26... Re2 27. c4 $13 dxc4 $4 28.
Rd8+ Kb7 29. Rb8#) 27. a4 Re4 28. Kf1 Rxa4 29. c4 Rxc4 30. Rxd5 (30. Ra1 $142
R7xc6 31. bxc6 Rxc6) 30... Rc1+ (30... axb5 31. Rd8+ Kb7 32. Na5+ Kb6 33. Nxc4+
$17) 31. Ke2 axb5 32. Nb4 R1c5 (32... R1c5 33. Na6 Re7+) 0-1

[Event "Lee Cup 4th"]
[Site "Beijing"]
[Date "1997.??.??"]
[Round "7"]
[White "Tiviakov, Sergei"]
[Black "Speelman, Jonathan S"]
[Result "1-0"]
[WhiteElo "2590"]
[BlackElo "2630"]
[Annotator "Hansen,Cu"]
[PlyCount "93"]
[EventDate "1997.08.23"]
[EventType "swiss"]
[EventRounds "11"]
[EventCountry "CHN"]
[SourceTitle "CBM 061"]
[Source "ChessBase"]
[SourceDate "1997.11.23"]
[SourceVersion "1"]
[SourceVersionDate "1997.11.23"]
[SourceQuality "1"]

1. e4 {King,D} e6 2. d4 d5 3. Nd2 dxe4 4. Nxe4 Nd7 5. Nf3 Ngf6 6. Nxf6+ Nxf6 7.
Bd3 c5 8. dxc5 Bxc5 9. O-O O-O 10. Bg5 b6 11. Qe2 Bb7 {The evaluation of this
typical french/Caro-Kann type of postion has changed over the years. At least
the way I see it. It is now considered =/+/=. Whites attacking chances used to
be considered a much more important aspect of the position} 12. Rad1 Qc7 13.
Bxf6 (13. Ne5 {The attacking-move} Rfd8 (13... Be7 $2 14. Bxf6 Bxf6 15. Nd7
Rfd8 16. Nxf6+ gxf6 17. Qh5 f5 18. Rfe1 $16 {Vogt,Lothar-Dietze,Wolfgang/
Schwerin (02) 1969 (41)}) (13... Nd5 14. c4 Ne3 15. Bxh7+ Kxh7 16. Qh5+ Kg8 17.
Bxe3 $16 {Herrera,I-Nogueiras,J/CUB-ch Las Tunas (09) ;EXT 96ch2 1996 (23)+
Slobodjan-Teske/GER-ch/1995}) 14. Rfe1 (14. Bxf6 gxf6 15. Qg4+ Kf8 16. Nf3 Ke7
$13 {Eliskases-Rattmann/corresp. 1931 (23)}) 14... h6 15. Bxf6 gxf6 16. Ng4 Qf4
17. Be4 Bxe4 18. Qxe4 Qg5 19. Qf3 {0,5/Van der Wiel,J-Cifuentes,P/NLD-ch/1997})
13... gxf6 {King: A common structure arising from many variations of the
French defence and the Caro-Kann. Black should be alright but Tiviakov's
persistence pays off in the end.} 14. Be4 {The positional way to play Step one:
exchange off the bishop pair.} Rfd8 ({King:A few rounds earlier Speelman had
played} 14... Bxe4 {King,D} 15. Qxe4 Rfd8 16. c3 Rac8 17. g3 Rd7 {1/2-1/2 Oll,
L-Speelman,J/ST Lee Cup 4th 1997. The position is almost identical to this
game, the only difference being that Oll couldn't be bothered to try for the
win.}) ({Reshevsky's technique is worth watching, though Black did not defend
very well:} 14... Rad8 {King,D} 15. Bxb7 Qxb7 16. Nd2 Be7 17. Ne4 Rxd1 18. Rxd1
Rd8 19. Rxd8+ Bxd8 20. Qd3 Be7 21. h3 Qc7 22. Qg3+ Qxg3 23. Nxg3 Kf8 24. Kf1
Ke8 25. Ke2 Kd7 26. Kd3 Kc6 (26... f5 $1 $14) 27. Ne2 Bc5 28. f4 b5 29. g4 a6
30. Ke4 Bf8 31. Nd4+ Kd6 32. Nb3 Be7 33. Nd2 Bf8 34. c4 Kc5 35. cxb5 axb5 36.
Nb3+ Kd6 37. Nd4 Kc5 38. f5 e5 39. Nf3 h6 40. h4 Be7 41. h5 Bd6 42. a3 b4 43.
a4 b3 44. Nd2 Kb4 45. a5 Kxa5 46. Nc4+ {1-0 Reshevsky,S-Woliston,P/USA-ch New
York 1940/HCL 43}) 15. g3 Bxe4 (15... Rac8 16. c3 Kg7 17. Bxb7 Qxb7 18. Nd4 Qd5
19. Nb3 Qe5 20. Qg4+ Qg5 $11 {Balashov,Y-Petrosian,T/URS ;Inf 29 1980 (38)})
16. Qxe4 f5 17. Qe2 Be7 $1 18. c3 Bf6 {Whites P-majority on the Q-side is more
useful than blacks on the K-side. Because of the double-pawn in the f-line.
However Blacks bishop should be stronger than the N in the endgame so even if
white can achieve the most optimal exchanges and get for instance R+N against
R+B or N against B black should not be worse} 19. Rxd8+ {King: Step two:
exchange off the rooks (rooks combine well with bishops).} Rxd8 20. Rd1 Rxd1+
21. Qxd1 Qc4 22. a3 b5 23. Ne1 a5 24. Nd3 {[%cal Yd3f4] King: Preventing
Black's pawn break, and perhaps anticipating moving to f4 and h5 roaming
closer to Black's king. Queen and knight are potentially a deadly attacking
force.} {The threat of the knight manoeuvre stings Black into action:} e5 {
This is a critical moment: will the pawn constellation turn out to be weak or
strong now that f5 has been weakened?} 25. Qd2 Qd5 (25... e4 $6 {King,D} 26.
Nf4 {King: and the pawns have been blocked.}) 26. Qe2 {King: Dinky
manoeuvering by White. The queen slides out of the way of its opposite number
and takes up a slightly more active position.} Kg7 27. g4 {A tricky move,
breaking up Black's pawn front.} Bg5 $2 {After this tactical mistake black
loses a P Typically, Speelman prefers active to passive defence. Some
alternatives:} (27... Kf8 $1 $132 {/\} 28. gxf5 (28. g5 Bg7) 28... e4) (27...
Qe6 $5 {King,D} 28. g5 (28. h3 $1 $14) 28... Bxg5 29. Qxe5+ Qxe5 30. Nxe5 Kf6
31. Nd3 Ke6 $132 {[%cal Re6b3]}) (27... fxg4 $2 {King,D} 28. Qxg4+ Kf8 29. Qf5
{would be unpleasant for Black.}) (27... f4 {King,D} 28. g5 $5 (28. f3 $16)
28... Bxg5 29. Qxe5+ Qxe5 30. Nxe5 f3 31. Nxf3 Bc1 32. Nd4 Bxb2 33. Nxb5 Kf6 (
33... a4 34. Kf1 Kf6 35. Ke2 Bc1 36. Kd3 $16) 34. a4 Ke5 35. c4 Ke4 36. Kf1 Kd3
37. c5 $18) 28. Nxe5 f6 29. Nf3 fxg4 30. Nd4 $16 {[%cal Re2g4,Re2b5] King:
Black has two problems: How to defend his pawns on the queenside while
safe-guarding his exposed king. It's all too much.} f5 31. Nxb5 Bf6 32. b4 axb4
33. axb4 h5 34. c4 Qa8 35. Nd6 f4 36. Qd1 Be5 37. c5 Qa2 38. b5 f3 39. Nf5+ Kf6
40. Ng3 h4 41. Qd8+ Kf7 42. Qd7+ Kf8 43. Qf5+ Qf7 44. Qxe5 hxg3 45. hxg3 Qb3
46. Qf4+ Ke7 47. Qe3+ 1-0

[Event "Biel"]
[Site "Biel"]
[Date "1995.??.??"]
[Round "9"]
[White "Brunner, Lucas"]
[Black "Campora, Daniel Hugo"]
[Result "1/2-1/2"]
[WhiteElo "2530"]
[BlackElo "2550"]
[Annotator "Hansen,LB"]
[PlyCount "120"]
[EventDate "1995.07.??"]
[EventType "tourn"]
[EventRounds "13"]
[EventCountry "SUI"]
[EventCategory "15"]
[SourceTitle "CBM 049"]
[Source "ChessBase"]
[SourceDate "1995.12.01"]
[SourceVersion "1"]
[SourceVersionDate "1995.12.01"]
[SourceQuality "1"]

1. e4 e6 2. d4 d5 3. Nd2 dxe4 4. Nxe4 Bd7 $5 5. Nf3 Bc6 6. Bd3 Nd7 (6... Bxe4
7. Bxe4 c6) 7. O-O Bxe4 8. Bxe4 c6 9. Bf4 (9. c3 Ngf6 10. Bc2) 9... Ngf6 10.
Bd3 Be7 11. c3 $14 O-O 12. Qb3 Qb6 13. Nd2 c5 $5 14. Qxb6 Nxb6 15. dxc5 Bxc5
16. Ne4 Nbd7 (16... Nxe4 17. Bxe4 Nd5 $5 $14) 17. Nxf6+ Nxf6 18. Rad1 $14 {^^}
Rfd8 19. Bc2 Kf8 20. Rfe1 Rac8 21. Kf1 h6 22. Rxd8+ Rxd8 23. Ke2 (23. Rd1 $5)
23... Nd5 24. Bc1 Ke7 25. g3 b5 $1 26. Rd1 b4 $5 27. cxb4 (27. c4 $6 Nb6 $10 {
>< c5}) 27... Bxb4 28. Be4 $1 Bc5 29. Bxd5 exd5 30. Bd2 Rb8 31. b3 $14 Ke6 32.
Rc1 Bb6 33. b4 Kd7 34. a4 a6 35. Kd3 f6 $1 36. f3 h5 37. h3 f5 $6 {>< e5} 38.
Bf4 Rb7 39. Re1 (39. h4 $5 $14) 39... h4 $5 40. gxh4 (40. g4 fxg4 41. fxg4 Bf2
{/\ Bg3<=>}) 40... Bf2 41. Rb1 Bxh4 42. Be5 (42. Kd4 $5 Kc6 $13) 42... Ke6 43.
Bd4 Bd8 44. Bc5 Bf6 45. b5 axb5 46. axb5 $14 (46. Rxb5 Rxb5 47. axb5 g6 $1 $10
(47... Kd7 $2 48. Bd4 $1 $18)) 46... Rc7 47. Bd4 $6 Bxd4 48. Kxd4 Rc4+ 49. Kd3
Kd7 50. b6 Kc8 51. Rb5 Rh4 $1 52. Rxd5 g6 $1 53. Rd6 Rxh3 54. Ke2 g5 $10 55.
Rf6 g4 56. f4 Kb7 57. Rxf5 Kxb6 58. Rg5 Kc6 59. Rxg4 Kd5 60. Rg8 Ke4 1/2-1/2

[Event "Metalska Trgovina CC 90"]
[Site "Ljubljana"]
[Date "2002.01.27"]
[Round "8"]
[White "Kharlov, Andrei"]
[Black "Tratar, Marko"]
[Result "0-1"]
[WhiteElo "2638"]
[BlackElo "2424"]
[Annotator "Hecht,H"]
[PlyCount "254"]
[EventDate "2002.01.19"]
[EventType "tourn"]
[EventRounds "11"]
[EventCountry "SLO"]
[EventCategory "11"]
[SourceTitle "CBM 088"]
[Source "ChessBase"]
[SourceDate "2002.03.21"]
[SourceVersion "1"]
[SourceVersionDate "2002.03.21"]
[SourceQuality "1"]

1. d4 e6 2. e4 d5 3. Nd2 dxe4 4. Nxe4 Bd7 5. Nf3 Bc6 6. Bd3 Nd7 7. O-O Bxe4 8.
Bxe4 c6 9. c3 Ngf6 10. Bc2 Be7 11. Qd3 Qc7 12. Re1 Rd8 13. Ng5 Nb6 14. Qh3 Nbd5
15. a3 b5 16. a4 a6 17. axb5 axb5 18. Rxe6 fxe6 19. Nxe6 Qb8 20. Bg6+ Kd7 21.
Nc5+ Kc7 22. Na6+ Kb7 23. Nxb8 hxg6 24. Qd3 Rxb8 25. Qxg6 Ra8 26. Rxa8 Rxa8 27.
g3 Ra1 28. Qc2 c5 29. dxc5 Bxc5 30. Kg2 Kc6 31. h3 Ra7 32. c4 bxc4 33. Qxc4 Nb6
34. Qe6+ Kb5 35. Be3 Nbd5 36. Bxc5 Kxc5 {[#] Studienmaterial. Weiß verliert
ohne Not alle seine Bauern und kämpft dann gegen Windmühlenflügel.} 37. Qc8+
Rc7 38. Qa6 Nd7 39. Qa3+ Kd4 40. h4 N7b6 41. Qf3 Re7 42. h5 Ke5 43. Qg4 Rf7 44.
Qg6 Re7 45. Kh3 Nd7 46. Kh4 N7f6 47. Qd3 Ke6 48. g4 Kf7 49. Qg6+ Kf8 50. Qf5
Re4 51. f3 Rb4 52. Qe5 Kg8 53. Kg3 Kf7 54. Qe2 Nf4 55. Qc2 N6d5 56. b3 Kg8 57.
Kh4 Kf7 58. Kg3 Kg8 59. Kf2 Nh3+ 60. Ke1 Nhf4 61. g5 Rb8 62. Kf2 Nxh5 63. Qf5
Nhf4 64. Kg1 $2 (64. g6 $1 $11) 64... g6 $1 $17 65. Qc2 Kf7 66. Qc4 Ke6 67.
Qa6+ Kf5 68. Qc4 Kxg5 69. Qc2 Rb6 70. Kf2 Kf6 71. Qb2+ Ke6 72. Kg3 Kd6 73. Kg4
Rb4 74. Kg5 Kc5 75. Qc1+ Kd6 76. Qa3 Kc5 77. Qa7+ Rb6 78. Qa3+ Kd4 79. Qa4+ Ke3
80. Qe4+ Kf2 81. Qc2+ Kxf3 82. Qd1+ Ke4 83. Qc2+ Kd4 84. Qc4+ Ke5 85. Qa4 Rb4
86. Qe8+ Kd4 87. Qh8+ Kd3 88. Qb2 Rb6 89. Qb1+ Kc3 90. Qc1+ Kxb3 91. Qb1+ Kc3
92. Qc1+ Kd4 93. Qa1+ Kc5 94. Qa3+ Kc6 95. Qa8+ Kd7 96. Qa7+ Ke6 97. Qa8 Ke5
98. Qa1+ Kd6 99. Qa3+ Rb4 100. Qa6+ Kd7 101. Qa7+ Nc7 102. Kf6 Rb6+ 103. Kg5
Ra6 104. Qb7 Ra4 105. Qb3 Nce6+ 106. Kf6 Ra5 107. Qb7+ Nc7 108. Qb1 Ne8+ 109.
Kf7 Rf5+ 110. Kg8 Ne6 111. Qd3+ Nd6 112. Qa3 g5 113. Kh7 Rf7+ 114. Kh6 Ke7 115.
Qa7+ Kf6 116. Qa1+ Kf5 117. Qa5+ Kf4 118. Qd2+ Ke5 119. Qc3+ Kf5 120. Qa5+ Kg4
121. Qa4+ Rf4 122. Qd1+ Kf5 123. Kh7 Rh4+ 124. Kg8 Ne4 125. Qd5+ Kf6 126. Qa5
Rf4 127. Qa1+ Kg6 0-1